| 000 | 00611nam a2200169 4500 | ||
|---|---|---|---|
| 999 |
_c12547 _d12547 |
||
| 008 | 240219b ||||| |||| 00| 0 eng d | ||
| 040 | _aBMS College of Architecture | ||
| 100 | _aArnav Ashok Kulkarni | ||
| 245 | _a'ANITYA'- Embracing ephemeral urbanism and heritage: A Prototype urban plug-in, proposed at Jaipur | ||
| 300 | _a45p. | ||
| 500 | _a1CF19AT013 | ||
| 502 |
_8B,Arch _NBMS College of Architecture, Visvesvaraya Technological University (VTU) _aProject report _d2023 |
||
| 650 | _aTourist, Heritage, City | ||
| 700 |
_aDakshayini R Patil _eGuide |
||
| 710 | _aSubodh Khandekar | ||
| 942 | _2ddc | ||